000 00942nam a22002537a 4500
999 _c31223
_d31223
003 OSt
005 20201119100052.0
008 150120b xxu||||| |||| 00| 0 eng d
020 _a978-607-32-3721-5
040 _cBMC
082 _a658.15
100 _aGitman, Lawrence J.
_98870
245 1 0 _aPrincipios de administración financiera
_cLawrence J. Gitman, Chad J. Zutter ; traducción, Óscar Madrigal Muñiz, María de Jesús Herrero Díaz ; revisión técnica, José Antonio Morales Castro
250 _a14ª ed
260 _aMéxico [etc.]
_bPearson Educación
_c2016
300 _aXLV, 804, [71] p.
_bil.
_c26 cm
595 _aTraducido de: Principles of managerial finance brief
650 2 4 _aEmpresas
_xFinanzas
_95713
700 1 _930424
_aZutter, Chad J.‏
700 1 _92048
_aMadrigal Muñiz, Óscar
700 1 _98803
_aHerrero Díaz, María de Jesús
700 1 _98511
_aMorales Castro, José Antonio
942 _2ddc
_cBK